000 00495 a2200169 4500
999 _c10065
_d10065
020 _a9781259253065
050 _aHF1009.5 CAT 2016
100 _aCateora, Philip R.
_eauthor
245 _aInternational Marketing /
_cPhilip R. Cateora et al ...,
250 _a17th ed.
264 _aNew York :
_bMcGraw- Hill,
_c2016.
300 _a662p. :
_bill.
500 _aIncludes indexes
650 _aExport marketing.
700 _aGilly, Mary C.
_eautor
942 _2lcc
_cBK
_e17th ed.
_h1009.5
_iCAT
_kHF